Lengua y literatura 3 : prácticas del lenguaje 2º 3º /
Guardado en:
| Autor Principal: | |
|---|---|
| Otros Autores: | , , , , , , , , , , , |
| Formato: | Libro |
| Publicado: |
Buenos Aires :
Estación Mandioca,
2022.
|
| Series: | Llaves Más
|
| Materias: | |
| Etiquetas: |
Agregar Etiqueta
Sin Etiquetas, Sea el primero en etiquetar este registro!
|
| LEADER | 02104nam a22004455a 4500 | ||
|---|---|---|---|
| 001 | CEM.cems020486 | ||
| 008 | 230925s2022##################000#0#####d | ||
| 005 | 20240529151135.0 | ||
| 245 | 1 | 0 | |a Lengua y literatura 3 : |b prácticas del lenguaje 2º 3º / |c Michelle Arturi y otros; ilustrado por Juan Pablo Caro y otros. |
| 260 | |a Buenos Aires : |b Estación Mandioca, |c 2022. | ||
| 300 | |a 256 p. | ||
| 490 | 0 | |a Llaves Más | |
| 505 | 0 | |a Ámbito de la literatura -- ¿Qué es la literatura? -- El relato épico y la intertextualidad -- El cuento de autor: Piñeiro y Cortázar -- El realismo y la ficción histórica -- La ciencia ficción: Nortón y Asimov -- El teatro del absurdo y el teatro contemporáneo -- La poesía de vanguardia y la poesía performática -- ¿Que es el discurso? -- El informe -- La entrevista -- El ensayo -- La reseña literaria -- La monografía -- ¿qué es la gramática? -- Las palabras y sus clases -- La sintaxis -- Ortografía y normativa | |
| 020 | |a 9789878061337 | ||
| 100 | 1 | |a Arturi, Michelle. | |
| 700 | 1 | |a Giorgio, Adrián. | |
| 700 | 1 | |a Barceló, María Florencia. | |
| 700 | 1 | |a Franchi, Fulvio. | |
| 700 | 1 | |a Font, Darío. | |
| 700 | 1 | |a Moretti, Juan Francisco. | |
| 700 | 1 | |a Igol, Lucía. | |
| 700 | 1 | |a Martín, Lucía. | |
| 700 | 1 | |a Quiroga, Macarena Sol. | |
| 700 | 1 | |a Wasserman, Ariel. | |
| 700 | 1 | |a Yóvine, Lucía. | |
| 700 | 1 | |a Ojeda, Alan. | |
| 700 | 1 | |a Caro, Juan Pablo; il. | |
| 082 | 0 | 4 | |a 468 |
| 653 | |a Lengua | ||
| 653 | |a Literatura | ||
| 653 | |a Lengua- 9º egb | ||
| 653 | |a Lengua-3º es | ||
| 653 | |a Literatura-9º egb | ||
| 653 | |a Literatura-3º es | ||
| 859 | |a CEMS |b BIB. CEMS - 11 de abril |h 468 |i Ar798 |p 29457.24 |t Ej.1 |3 3 | ||
| 859 | |a CEMS |b BIB. CEMS - Agricultura |h 468 |i Ar798 |p A3656.23 |t Ej.1 |v 3 |3 3 | ||
| 859 | |a CEMS |b BIB. CEMS - Agricultura |h 468 |i Ar798 |p A3657.23 |t Ej.2 |v 3 |3 3 | ||
| 859 | |a CEMS |b BIB. CEMS - Agricultura |h 468 |i Ar798 |p A3658.23 |t Ej.3 |v 3 |3 3 | ||
| 859 | |a CEMS |b BIB. CEMS - Agricultura |h 468 |i Ar798 |p A3659.23 |t Ej.4 |v 3 |3 3 | ||
| 859 | |a CEMS |b BIB. CEMS - Agricultura |h 468 |i Ar798 |p A3660.23 |t Ej.5 |v 3 |3 3 | ||
